Calle14 | Revista de investigación en el campo del arte/ (Record no. 4209)
[ view plain ]
| 000 -LEADER | |
|---|---|
| campo de control de longitud fija | 01308nam a22002537a 4500 |
| 003 - IDENTIFICADOR DE NÚMERO DE CONTROL | |
| campo de control | OSt |
| 005 - FECHA Y HORA DE LA ÚLTIMA TRANSACCIÓN | |
| campo de control | 20230824095046.0 |
| 008 - DATOS DE LONGITUD FIJA--INFORMACIÓN GENERAL | |
| campo de control de longitud fija | 221006b |||||||| |||| 00| 0 eng d |
| 040 ## - FUENTE DE CATALOGACIÓN | |
| Centro/agencia transcriptor | Biblioteca Lado V |
| 082 ## - NÚMERO DE LA CLASIFICACIÓN DECIMAL DEWEY | |
| Número de clasificación | 707 |
| Número de ítem | G633c |
| 100 ## - ENTRADA PRINCIPAL--NOMBRE DE PERSONA | |
| 9 (RLIN) | 966 |
| Nombre de persona | Gómez, Pedro Pablo |
| Término indicativo de función/relación | editor |
| 245 ## - MENCIÓN DEL TÍTULO | |
| Título | Calle14 | Revista de investigación en el campo del arte/ |
| Resto del título | La cuestión estética y la(s) estética(s) en cuestión/ |
| 260 ## - PUBLICACIÓN, DISTRIBUCIÓN, ETC. | |
| Nombre del editor, distribuidor, etc. | Colombia |
| Lugar de publicación, distribución, etc. | Universidad Distrital Francisco José de Caldas |
| Fecha de publicación, distribución, etc. | 2011 |
| 300 ## - DESCRIPCIÓN FÍSICA | |
| Dimensiones | 23x30cm |
| Extensión | 160p. |
| 490 ## - MENCIÓN DE SERIE | |
| Mención de serie | 7 |
| Designación de volumen o secuencia | 5 |
| Número Internacional Normalizado para Publicaciones Seriadas | 2011-3757 |
| 505 ## - NOTA DE CONTENIDO CON FORMATO | |
| Título | EDITORIAL |
| 505 ## - NOTA DE CONTENIDO CON FORMATO | |
| Nota de contenido con formato | DE VÍRGULA A BRAGUETA |
| Título | AUTOR INVITADO |
| 505 ## - NOTA DE CONTENIDO CON FORMATO | |
| Nota de contenido con formato | LA IDEA DE LO TREMENDO<br/><br/>FORMAS DE PRODUCCIÓN DEL DESEO EN LA EDUCACIÓN MUSICAL UNIVERSITARIA<br/><br/>DE LA GENEALOGÍA DEL ARTE<br/><br/>"TERAPIA" A LA PREGUNTA FILOSÓFICA<br/><br/>POSTALES AUDIOVISUALES<br/><br/>DEL MITO CREACIONISMO AL MITO FUTURISTA |
| Título | SECCIÓN CENTRAL |
| 505 ## - NOTA DE CONTENIDO CON FORMATO | |
| Nota de contenido con formato | "NEOPTIKS"<br/><br/>XX SALÓN DE ARTISTAS NACIONALES VS. SALÓN NACIONAL 1969<br/><br/>EL MUSEO COMO REPRESENTACIÓN DE LOS CONFLICTOS CULTURALES |
| Título | SECCIÓN TRANSVERSAL |
| 650 ## - PUNTO DE ACCESO ADICIONAL DE MATERIA--TÉRMINO DE MATERIA | |
| Fuente del encabezamiento o término | Tesauro de Arte & Arquitectura |
| Término de materia o nombre geográfico como elemento de entrada | ARTE |
| 650 ## - PUNTO DE ACCESO ADICIONAL DE MATERIA--TÉRMINO DE MATERIA | |
| Fuente del encabezamiento o término | Tesauro de Arte & Arquitectura |
| Término de materia o nombre geográfico como elemento de entrada | INVESTIGACIÓN |
| 9 (RLIN) | 702 |
| 650 ## - PUNTO DE ACCESO ADICIONAL DE MATERIA--TÉRMINO DE MATERIA | |
| Fuente del encabezamiento o término | Tesauro de Arte & Arquitectura |
| Término de materia o nombre geográfico como elemento de entrada | ESTÉTICA |
| 9 (RLIN) | 703 |
| 942 ## - ELEMENTOS DE ENTRADA SECUNDARIOS (KOHA) | |
| Fuente del sistema de clasificación o colocación | Clasificación Decimal Dewey |
| Tipo de ítem Koha | Libros |
| Parte de la signatura que corresponde a la clasificación (Parte de la clasificación) | 707 |
| Parte de la signatura que identifica el ejemplar (Parte del ítem) | G633e |
| Suprimir en OPAC | No |
| Estatus retirado | Estado de pérdida | Fuente del sistema de clasificación o colocación | Especificación de materiales (volumen encuadernado u otra parte) | Estado de daño | No para préstamo | Colección | Biblioteca de origen | Biblioteca actual | Fecha de adquisición | Enumeración/cronología de publicación seriada | Número de inventario | Total de préstamos | Signatura topográfica completa | Código de barras | Visto por última vez | Precio de reemplazo | Tipo de ítem Koha |
|---|---|---|---|---|---|---|---|---|---|---|---|---|---|---|---|---|---|
| Clasificación Decimal Dewey | 5 | Revistas | Biblioteca LadoV | Biblioteca LadoV | 24/08/2023 | 7 | 005188 | 707 G633c | 005188 | 24/08/2023 | 24/08/2023 | Libros |
